Number Maze II Quiz Stats

 Plays Quiz Updated Jul 21, 2017

Support Sporcle.
Go Orange.
Score 0/57 Timer 01:30
0 Plays Today
% Correct
???
100%
???
92.9%
???
90.4%
???
86.8%
???
85.7%
???
85%
???
82.7%
???
82.3%
???
81.8%
???
81.1%
???
80.7%
???
80.3%
???
79.9%
???
79%
???
78.5%
???
77.9%
???
77.4%
???
76.8%
???
75.4%
???
74.7%
???
73.5%
???
73%
???
72.7%
???
72.2%
???
72%
???
71.7%
???
71.4%
???
71.2%
???
70.6%
% Correct
???
70.4%
???
70.1%
???
69.7%
???
69.5%
???
68.8%
???
68.6%
???
68.3%
???
68%
???
67.8%
???
67.6%
???
67.4%
???
67%
???
66.7%
???
66%
???
65.7%
???
65.4%
???
65.1%
???
64.5%
???
64.2%
???
63.8%
???
63.4%
???
63.2%
???
62.8%
???
62.5%
???
59.8%
???
59.4%
???
59%
???
58.9%

You're not logged in!

Compare scores with friends on all Sporcle quizzes.
OR
Log In
Forgot?

From the Vault

10 'Dis' Words

by samc67

Discover a new way to dialogue.
Remove Ads.
Support Sporcle.
Get the best of Sporcle when you Go Orange. This ad-free experience offers more features, more stats, and more fun while also helping to support Sporcle. Thank you for becoming a member.

Show Comments

Extras

Top Quizzes Today


Score Distribution

Your Account Isn't Verified!

In order to create a playlist on Sporcle, you need to verify the email address you used during registration. Go to your Sporcle Settings to finish the process.

Report this User

Report this user for behavior that violates our Community Guidelines.

Details: